BIBLIOTECA PODER JUDICIAL
Portal Judicial TDF

Código Penal de la Nación Argentina : (Registro nro. 5430)

000 -LEADER
fixed length control field 00875nam a22002297a 4500
003 - CONTROL NUMBER IDENTIFIER
control field OSt
005 - DATE AND TIME OF LATEST TRANSACTION
control field 20250825112701.0
008 - FIXED-LENGTH DATA ELEMENTS--GENERAL INFORMATION
fixed length control field 180220b xxu||||| |||| 00| 0 spa d
020 ## - INTERNATIONAL STANDARD BOOK NUMBER
International Standard Book Number 9789873052132
040 ## - CATALOGING SOURCE
Transcribing agency PJ
100 ## - ASIENTO PRINCIPAL - NOMBRE DE PERSONA
9 (RLIN) 3653
Personal name Días, Horacio L.
245 10 - MENCIÓN DE TÍTULO
Título propiamente dicho Código Penal de la Nación Argentina :
Parte restante del título comentado - parte general
Mención de responsabilidad, etc Horacio Días, colaboración de Augusto Brezin.
250 ## - EDITION STATEMENT
Edition statement 2a. ed. amp. y act.
260 ## - PUBLICATION, DISTRIBUTION, ETC. (IMPRINT)
Place of publication, distribution, etc Buenos Aires :
Name of publisher, distributor, etc Rubinal Culzoni,
Date of publication, distribution, etc 2025.
300 ## - DESCRIPCION FISICA
Extent 901 p.
Dimensions 23 cm.
505 ## - FORMATTED CONTENTS NOTE
Formatted contents note Análisis exegético de los artículos 1º a 78 bis del Código Penal de la Nación Argentina. Edición actualizada con la ley 27.785<br/>
650 #0 - ASIENTO SECUNDARIO DE MATERIA - TERMINO TEMATICO
Topical term or geographic name as entry element CODIGO PENAL
9 (RLIN) 2480
650 #0 - ASIENTO SECUNDARIO DE MATERIA - TERMINO TEMATICO
Topical term or geographic name as entry element OBRA DE REFERENCIA
9 (RLIN) 2443
700 ## - ADDED ENTRY--PERSONAL NAME
9 (RLIN) 6445
Personal name Brezin, Augusto
Relator term colaborador
710 ## - ASIENTO SECUNDARIO - NOMBRE CORPORATIVO
9 (RLIN) 2448
Corporate name or jurisdiction name as entry element Argentina. Códigos
942 ## - ADDED ENTRY ELEMENTS (KOHA)
Source of classification or shelving scheme
Koha item type Referencia
Classification part 343.2(094.4)
Item part DIA
Existencias
Withdrawn status Lost status Source of classification or shelving scheme Damaged status Not for loan Permanent Location Current Location Date acquired Full call number Barcode Date last seen Price effective from Koha item type
          Biblioteca Poder Judicial Sur Biblioteca Poder Judicial Sur 2025-08-25 3432. (094.4) 6754 2025-08-25 2025-08-25 Referencia

12 de Octubre 789 Ushuaia - Tel:  54(02901)441571
Horario de Atención: 8.00 a 17.00 hs. 
bibliotecaush@justierradelfuego.gov.ar
koha@justierradelfuego.gov.ar
Seguinos en nuestras redes @bibliojustdf 

Con tecnología Koha